ბათუმის შოთა რუსთაველის სახელმწიფო უნივერსიტეტის ბიბლიოთეკა

ძირითადი დარგების ეფექტიანობაზე მოქმედი ფაქტორები აგრარული რეფორმების პირობებში : დისერტაცია / (ბიბ.ჩანაწერი № 55488)

000 -ლიდერი
ფიქსირებული სიგრძის საკონტროლო ველი 01517nam a2200241Ia 4500
001 - საკონტროლო ნომერი
საკონტროლო ველი 22570
003 - საკონტროლო ნომრის იდენტიფიკატორი
საკონტროლო ველი GE_BSU
005 - ბოლო ოპერაციის თარიღი და დრო
საკონტროლო ველი 20220920123701.0
008 - ფიქსირებული სიგრძის მონაცემთა ელემენტები - ზოგადი ინფორმაცია
ფიქსირებული სიგრძის საკონტროლო ველი 181216s2009||||ge |||||||||||||| ||geo||
040 ## - კატალოგიზაციის წყარო
Transcribing agency GE_BSU
041 ## - ენის კოდი
Language code of text/sound track or separate title geo
080 ## - უნივერსალური ათობითი კლასიფიკაციის ინდექსი
Universal Decimal Classification number 33 ო-47
100 ## - მთავარი ჩანაწერი - პიროვნების სახელი
Personal name ონიანი, ლელა
9 (RLIN) 3193
245 ## - ცნობა სათაურის შესახებ
Title ძირითადი დარგების ეფექტიანობაზე მოქმედი ფაქტორები აგრარული რეფორმების პირობებში : დისერტაცია /
Statement of responsibility, etc ლელა ონიანი; სამეცნ. ხელმძღვანელი ჰ. გიორგაძე; შოთა რუსთაველის სახელმწიფო უნივერსიტეტი.
264 ## - წარმოების, გამოცემის, დისტრიბუციის და სხვა ცნობები
გამოცემის, წარმოების, დისტრიბუციის... ადგილი ბათუმი,
გამოცემის, წარმოების, დისტრიბუციის... სახელწოდება
გამოცემის, წარმოების, დისტრიბუციის... თარიღი 2009.
300 ## - ფიზიკური აღწერა
Extent 148 გვ. ;
Other physical details 30 სმ.
653 ## - INDEX TERM--UNCONTROLLED
Uncontrolled term ბიზნესის მართვა
653 ## - INDEX TERM--UNCONTROLLED
Uncontrolled term ძირითადი დარგების ეფექტიანობაზე მოქმედი ფაქტორები აგრარული რეფორმების პირობებში
653 ## - INDEX TERM--UNCONTROLLED
Uncontrolled term დისერტაცია
700 ## - ADDED ENTRY--PERSONAL NAME
Personal name გიორგაძე, ჰ.
Relator term სამეცნ. ხელმძღვანელი
9 (RLIN) 10610
710 ## - ADDED ENTRY--CORPORATE NAME
Corporate name or jurisdiction name as entry element შოთა რუსთაველის სახელმწიფო უნივერსიტეტი.
9 (RLIN) 10611
942 ## - ADDED ENTRY ELEMENTS (KOHA)
Koha item type წიგნი
Source of classification or shelving scheme
ეგზემპლარები
ჩამოწერის სტატუსი დაკარგული ეგზემპლარის სტატუსი კლასიფიკაციის წყარო ან თაროზე გაწყობის სქემა დაზიანების სტატუსი არ გაიცემა მუდმივი მდებარეობა (დაცვის ადგილი) ამჟამინდელი ადგილსამყოფელი თაროზე განთავსების ადგილი შეძენის თარიღი სრული შენახვის შიფრი შტრიხკოდი ბოლო ოპერაციის თარიღი ეგზემპლარის მიმდევრობითი ნომერი (კეტერი?) ფასის ძალაში შესვლის თარიღი ეგზემპლარის სახეობა საჯარო შენიშვნა
          ბათუმის შოთა რუსთაველის სახელმწიფო უნივერსიტეტის მთავარი ბიბლიოთეკა ბათუმის შოთა რუსთაველის სახელმწიფო უნივერსიტეტის მთავარი ბიბლიოთეკა წიგნსაცავი 2018-12-17 33 ო-47 58 დისერტ 2018-12-17 58 2018-12-17 დისერტაცია